000 01151nam a2200277Ia 4500
005 20260324141719.0
008 008 260324s9999 xx 000 0 eng d
020 _a9780203713402
037 _aEBOOK
040 _aCRL
040 _beng
040 _cCRL
041 _2eng
041 _aeng
084 _qCRL
100 _aSankar K. Pal; Paul P. Wang; Frederick E. Petry; Sanghamitra Bandyopadhyay; Sankar K. Pal; Hisao Ishibuchi; Cezary Janikow; A Verschoren; H. Van Hove; Matthew Lybanon; Mark G. Cooper; Jacques J. Vidal; C.A. Murthy; Susmita De; Ashish Ghosh; Michael Vose; Alden H Wright; L.M. Patnaik; M Srinivas; Keith Mathias; Darrell Whitley; Anthony Kusuma; Christof Stork; Benjamin W. Wah; Arthur Ieumwananonthachai; Yong-Cheng Li; Bill P. Buckles; D. Prabhu; Steve G. Romaniuk; Vincent Charles Gaudet; Tadahiko Murata; Hideo Tanaka
_91209226
245 0 _aGenetic Algorithms for Pattern Recognition
260 _bTaylor and Francis
260 _c1996
365 _a
365 _b465
856 _uhttp://www.taylorfrancis.com/books/9780203713402
942 _cEBOOK
999 _c1812610
_d1812610